000 01071nam a2200289 i 4500
001 000021596
003 DO-SdBNP
005 20251021082321.0
007 ta
008 100909s2000 dr ad r 000 0 spa d
040 _aDO-SdBNP
_bspa
_cBNPHU
_erda
041 _aspa
082 4 _a352.48
_bR426i 2000
_222
110 1 _aRepública Dominicana.
_bSecretariado Técnico de la Presidencia.
_bOficina Nacional de Presupuesto.
_932266
245 1 0 _aInforme de ejecución presupuestaria año 2000
264 1 _aSanto Domingo :
_bSecretariado Técnico de la Presidencia,
_c2000.
300 _avolumen :
_bilustraciones, gráficos ;
_c28 cm.
336 _atexto
_btxt
_2rdacontent
337 _asin mediación
_bn
_2rdamedia
338 _avolumen
_bnc
_2rdacarrier
590 _aInventariado, 2018/BT
650 4 _aPresupuesto
_zRepública Dominicana
_97940
650 4 _aHacienda pública
_zRepública Dominicana
_96562
650 4 _aRepública dominicana
_xGastos presupuestarios públicos
_y2000
_944960
910 _aValidado. Control de calidad. MMOLINA
942 _2ddc
_cLBS1
999 _c21095
_d21095